000 00621nam a22002537a 4500
001 20603
003 UA-OsUOA
005 20220602182955.0
007 ta
008 20031101b un ||||| |||| 00| 0 ukr d
020 _a5-235-01100-2
040 _aUA-OsUOA
_brus
_cUA-OsUOA
_dUA-OsUOA
041 _arus
044 _aRU
080 _a94:929(47+57)
090 _a94:929(47+57)
_bЕ60
100 _aЕмельянов Ю. В.
245 _aЗаметки о Бухарине
260 _aМосква
_bМолодая гвардия
_c1989
300 _a320 с.
650 7 _2UDC
942 _cBK
_2udc
955 _a0
999 _c306783
_d306783